El cuento Hispanoamericano. Antología crítico-histórica.
保存先:
| 第一著者: | |
|---|---|
| フォーマット: | 図書 |
| 出版事項: |
Ciudad de México, México:
Fondo de Cultura Económica,
2005.
|
| 版: | 8ª ed. |
| シリーズ: | Colección Conmemorativa 70 Aniversario
|
| 主題: | |
| タグ: |
タグ追加
タグなし, このレコードへの初めてのタグを付けませんか!
|
MARC
| LEADER | 00000nam a2200000 a 4500 | ||
|---|---|---|---|
| 001 | UCT6551 | ||
| 003 | CL-VaPUC | ||
| 005 | 20241121122709.0 | ||
| 008 | 241114t2005 ||||| |||| 00| 0 eng d | ||
| 999 | |c 445690 |d 445688 | ||
| 020 | |a 968-16-7687-4 | ||
| 040 | |c Pontificia Universidad Católica de Valparaíso | ||
| 082 | 0 | 4 | |a H863 MEN 2005 |2 21 |
| 100 | |a Menton, Seymour |e autor |9 475370 | ||
| 245 | 1 | 3 | |a El cuento Hispanoamericano. |b Antología crítico-histórica. |
| 250 | |a 8ª ed. |b Edición conmemorativa 70 aniversario. | ||
| 260 | |a Ciudad de México, México: |b Fondo de Cultura Económica, |c 2005. | ||
| 300 | |a 596 páginas. | ||
| 490 | 0 | |a Colección Conmemorativa 70 Aniversario |n 33. | |
| 500 | |a c.1 Donación Biblioteca Mayor de Filosofía y Educación. 5-11- 2024. | ||
| 583 | |a last modification |c 19970113 00:00:00 |k Catalogador Asistente | ||
| 650 | 0 | |a Literatura hispanoamericana |9 269097 | |
| 650 | 0 | |a Narrativa hispanoamericana |x Antología |9 893779 | |
| 942 | |c BK |2 ddc | ||
| 952 | |0 0 |1 0 |2 ddc |4 0 |6 H_863_000000000000000_MEN_2005 |7 0 |8 A |9 598000 |a BIBEDU |b BIBEDU |d 2024-11-14 |e Donación |i 5663256 |o H863 MEN 2005 |p 5663256 |r 2024-11-14 |t 1 |w 2024-11-14 |y BK |k EDU | ||